[Event "NY Kavkasian"]
[Site "New York USA"]
[Date "1983.??.??"]
[Round "?"]
[White "Lein, Anatoly"]
[Black "Spraggett, Kevin"]
[Result "0-1"]
[WhiteElo "2465"]
[BlackElo "2490"]
[PlyCount "112"]
[EventDate "1983.??.??"]
[EventType "tourn"]
[EventRounds "14"]
[EventCountry "USA"]
[EventCategory "10"]

1. d4 Nf6 2. c4 g6 3. Nc3 Bg7 4. Bg5 c5 5. e3 d6 6. Be2 h6 7. Bh4 Nbd7 8. Qd2
O-O 9. d5 b5 10. cxb5 a6 11. bxa6 Qa5 12. Rb1 Nb6 13. Nf3 g5 14. Bg3 Nbxd5 15.
Nxd5 Qxd2+ 16. Nxd2 Nxd5 17. h4 Bxa6 18. hxg5 Bxe2 19. gxh6 Bd3 20. hxg7 Kxg7
21. Ra1 Nb4 22. Nb3 Nc2+ 23. Kd2 Nxa1 24. Rxa1 Bc4 25. Kc3 Be6 26. a3 Ra4 27.
Nd2 Rfa8 28. f3 f6 29. e4 Kf7 30. Bf2 Rg8 31. g4 Rh8 32. b3 Ra6 33. a4 Rh3 34.
Kc2 Ra8 35. a5 Ra6 36. b4 cxb4 37. Bb6 Ra8 38. a6 Rc8+ 39. Kb2 Rh2 40. Be3 Rc3
41. Bf4 Rh8 42. a7 Rhc8 43. Ra4 Rc1 44. Nc4 R1xc4 45. a8=Q Rxa8 46. Rxa8 d5 47.
g5 dxe4 48. fxe4 Rxe4 49. Bd2 Re2 50. Kc1 b3 51. gxf6 exf6 52. Rb8 Re4 53. Bc3
f5 54. Kd2 f4 55. Rb5 f3 56. Rb7+ Kg6 0-1

[Event "NY Kavkasian"]
[Site "New York USA"]
[Date "1983.??.??"]
[Round "?"]
[White "Lobron, Eric"]
[Black "Spraggett, Kevin"]
[Result "1/2-1/2"]
[WhiteElo "2480"]
[BlackElo "2490"]
[PlyCount "85"]
[EventDate "1983.??.??"]
[EventType "tourn"]
[EventRounds "14"]
[EventCountry "USA"]
[EventCategory "10"]

1. e4 c5 2. Nf3 e6 3. d4 cxd4 4. Nxd4 Nf6 5. Nc3 d6 6. f4 Nc6 7. Nf3 Be7 8. Bd3
O-O 9. O-O Nb4 10. Kh1 b6 11. Be2 Bb7 12. a3 Na6 13. b4 Nc7 14. Bd3 a5 15. Be3
axb4 16. axb4 Na6 17. Qb1 d5 18. exd5 Nxb4 19. Rxa8 Bxa8 20. dxe6 fxe6 21. Qb3
Nfd5 22. Nxd5 Bxd5 23. Bc4 b5 24. Bxd5 Qxd5 25. Nd4 Bc5 26. Bg1 Qxb3 27. cxb3
Bxd4 28. Bxd4 Rd8 29. Bc3 Nd3 30. h3 Rc8 31. Bd2 Rc2 32. Be3 Re2 33. Rf3 Rb2
34. Bd4 Rxb3 35. Kh2 Kf7 36. f5 exf5 37. Rxf5+ Ke6 38. Rh5 g6 39. Rxh7 Rb4 40.
Bh8 Nf4 41. Rb7 Nd5 42. Kg3 Rb3+ 43. Kh4 1/2-1/2

[Event "NY Kavkasian"]
[Site "New York USA"]
[Date "1983.??.??"]
[Round "?"]
[White "Spraggett, Kevin"]
[Black "Byrne, Robert"]
[Result "1-0"]
[WhiteElo "2490"]
[BlackElo "2515"]
[PlyCount "88"]
[EventDate "1983.??.??"]
[EventType "tourn"]
[EventRounds "14"]
[EventCountry "USA"]
[EventCategory "10"]

1. c4 e6 2. Nc3 d5 3. d4 Nf6 4. Bg5 Be7 5. e3 h6 6. Bxf6 Bxf6 7. Rc1 O-O 8. Nf3
Nc6 9. a3 dxc4 10. Bxc4 e5 11. d5 Ne7 12. e4 Ng6 13. g3 Be7 14. Nd2 Bd6 15. Be2
f5 16. exf5 Bxf5 17. Nde4 Qd7 18. O-O Rf7 19. Qb3 b6 20. Bh5 Raf8 21. f3 Re7
22. Qb5 Qd8 23. Bg4 Ref7 24. Bh5 Rd7 25. Qa4 Ne7 26. Bg4 g6 27. Nb5 a5 28. Qb3
Kg7 29. Kg2 Nc8 30. Qc3 Rff7 31. Bxf5 gxf5 32. Nexd6 Nxd6 33. Qxe5+ Qf6 34.
Qxf6+ Kxf6 35. Rc6 Ke5 36. Nc3 Rfe7 37. Kf2 f4 38. g4 h5 39. Re1+ Kd4 40. Rd1+
Ke5 41. h4 Rg7 42. g5 Rge7 43. a4 Nf5 44. Rf6 Rd6 1-0

[Event "NY Kavkasian"]
[Site "New York USA"]
[Date "1983.??.??"]
[Round "?"]
[White "Spraggett, Kevin"]
[Black "Dlugy, Maxim"]
[Result "1-0"]
[WhiteElo "2490"]
[BlackElo "2455"]
[PlyCount "73"]
[EventDate "1983.??.??"]
[EventType "tourn"]
[EventRounds "14"]
[EventCountry "USA"]
[EventCategory "10"]

1. c4 e6 2. Nc3 d5 3. cxd5 exd5 4. d4 c6 5. Bf4 Bd6 6. Bg3 Bf5 7. Qb3 Bxg3 8.
hxg3 Qe7 9. e3 Nf6 10. Nf3 h6 11. Ne5 O-O 12. Be2 Ne8 13. g4 Bh7 14. g5 hxg5
15. O-O-O Nf6 16. Rh3 Rc8 17. Rdh1 Nbd7 18. Qxb7 Rcb8 19. Rxh7 Nxh7 20. Qxd7
Qxd7 21. Nxd7 Rc8 22. Kd2 Rc7 23. Bd3 Rxd7 24. Bxh7+ Kf8 25. Bf5 Rdd8 26. Na4
Ke7 27. Rc1 Rd6 28. f3 g6 29. Bd3 Rh8 30. Ke2 f5 31. Kf2 Kd7 32. Rc5 Kc7 33.
Ra5 Kb8 34. Nc5 g4 35. Ra3 gxf3 36. Rb3+ Ka8 37. Ba6 1-0

[Event "NY Kavkasian"]
[Site "New York USA"]
[Date "1983.??.??"]
[Round "?"]
[White "Spraggett, Kevin"]
[Black "Zapata, Alonso"]
[Result "1-0"]
[WhiteElo "2490"]
[BlackElo "2455"]
[PlyCount "101"]
[EventDate "1983.??.??"]
[EventType "tourn"]
[EventRounds "14"]
[EventCountry "USA"]
[EventCategory "10"]

1. Nf3 Nf6 2. c4 g6 3. Nc3 Bg7 4. d4 O-O 5. g3 d6 6. Bg2 Nc6 7. O-O a6 8. b3
Rb8 9. Bb2 b5 10. cxb5 axb5 11. Rc1 Bd7 12. Ne1 Nb4 13. a3 Na6 14. b4 c6 15.
Nd3 Qb6 16. Nb1 Rfd8 17. Nd2 Rbc8 18. e3 Be8 19. Qe2 Nd7 20. Nf4 e6 21. Rfd1
Nf6 22. Nb3 Nd5 23. Nd3 Qa7 24. h4 Nb6 25. Na5 Nb8 26. Rc2 Na4 27. Ba1 Rc7 28.
h5 Rdc8 29. Qf3 c5 30. dxc5 Bxa1 31. Rxa1 dxc5 32. Qf4 cxb4 33. Rxc7 Qxc7 34.
axb4 Qxf4 35. gxf4 gxh5 36. f5 Kg7 37. Nf4 exf5 38. Nb7 Bd7 39. Rd1 Rc4 40.
Nxh5+ Kh6 41. Nf6 Be6 42. Rd6 Rxb4 43. Rd8 Na6 44. Rg8 Nb6 45. Nd6 Nc4 46. Nde8
Rb1+ 47. Kh2 Ne5 48. f3 Nd7 49. Rg3 Nxf6 50. Nxf6 Rb2 51. f4 1-0

[Event "NY Kavkasian"]
[Site "New York USA"]
[Date "1983.??.??"]
[Round "?"]
[White "Zaltsman, Vitaly"]
[Black "Spraggett, Kevin"]
[Result "1-0"]
[WhiteElo "2390"]
[BlackElo "2490"]
[PlyCount "82"]
[EventDate "1983.??.??"]
[EventType "tourn"]
[EventRounds "14"]
[EventCountry "USA"]
[EventCategory "10"]

1. d4 Nf6 2. c4 g6 3. Nc3 Bg7 4. e4 d6 5. f3 O-O 6. Be3 Nc6 7. Nge2 a6 8. Qd2
Rb8 9. Rc1 Bd7 10. b3 Re8 11. d5 Ne5 12. h3 Bc8 13. f4 Ned7 14. g4 c5 15. dxc6
bxc6 16. Bg2 Qa5 17. O-O Nc5 18. Nd4 Bb7 19. e5 dxe5 20. fxe5 Nfd7 21. e6 fxe6
22. Nxc6 Bxc6 23. Bxc6 Qc7 24. Qg2 Rf8 25. Ne4 Qe5 26. Kh1 Kh8 27. Bg1 Rbd8 28.
Bh2 Qd4 29. Rcd1 Qb2 30. Rxf8+ Rxf8 31. Qxb2 Bxb2 32. Rxd7 Nxd7 33. Bxd7 Rf3
34. c5 Rxh3 35. Kg2 Re3 36. Nf2 Be5 37. Bxe5+ Rxe5 38. b4 Re2 39. c6 Rc2 40.
Kf3 h5 41. gxh5 gxh5 1-0

[Event "Quebec op"]
[Site "Montreal CAN"]
[Date "1981.08.03"]
[Round "2"]
[White "Dupuis, Claude"]
[Black "Spraggett, Kevin"]
[Result "0-1"]
[WhiteElo "2116"]
[BlackElo "2544"]
[PlyCount "88"]
[EventDate "1981.08.02"]
[EventType "swiss"]
[EventRounds "8"]
[EventCountry "CAN"]

1. e4 c5 2. Nf3 e6 3. d4 cxd4 4. Nxd4 Nc6 5. Nb5 d6 6. c4 Nf6 7. N1c3 a6 8. Na3
Be7 9. Be2 O-O 10. O-O b6 11. Be3 Bb7 12. Qb3 Nd7 13. Rfd1 Nc5 14. Qc2 Rc8 15.
Rac1 Qc7 16. Qb1 Nb4 17. Nc2 Nxc2 18. Qxc2 Qb8 19. b4 Nd7 20. Qd2 Rfd8 21. f3
Bc6 22. a4 Bb7 23. Bf1 h6 24. Qf2 a5 25. bxa5 bxa5 26. Ba7 Qa8 27. Nb5 Rc6 28.
Be3 Nc5 29. Qg3 Kh7 30. Bd4 e5 31. Bxc5 Rxc5 32. Rc2 Bc8 33. Qe1 Be6 34. Qc3
Kg8 35. Rcd2 Rc6 36. g3 Qa6 37. Kg2 Rdc8 38. Rd5 Bxd5 39. exd5 Rc5 40. Qc2 Rf8
41. Qf5 Qc8 42. Qxc8 Rfxc8 43. Na7 Rb8 44. Nc6 Rb2+ 0-1

[Event "Quebec op"]
[Site "Montreal CAN"]
[Date "1981.08.08"]
[Round "7"]
[White "Spraggett, Kevin"]
[Black "Rousseau, Jean-Jacques"]
[Result "1-0"]
[WhiteElo "2544"]
[BlackElo "2129"]
[PlyCount "53"]
[EventDate "1981.08.02"]
[EventType "swiss"]
[EventRounds "8"]
[EventCountry "CAN"]

1. d4 Nf6 2. c4 e6 3. Nc3 Bb4 4. e3 b6 5. Nge2 Ba6 6. a3 Bxc3+ 7. Nxc3 d5 8. b3
O-O 9. Be2 Nc6 10. a4 Qd7 11. Ba3 Rfd8 12. Rc1 e5 13. dxe5 Nxe5 14. f4 Neg4 15.
Bxg4 Nxg4 16. Nxd5 Qe6 17. f5 Qh6 18. Ne7+ Kh8 19. Qxg4 Qxe3+ 20. Qe2 Qxb3 21.
Bb2 f6 22. O-O Re8 23. Rfe1 Qb4 24. Ba1 Rad8 25. Rc3 Qc5+ 26. Kf1 Qd4 27. Ng6+
1-0

[Event "CAN-ch"]
[Site "Montreal CAN"]
[Date "1981.??.??"]
[Round "?"]
[White "Buchholz, Martin"]
[Black "Spraggett, Kevin"]
[Result "1/2-1/2"]
[WhiteElo "2235"]
[BlackElo "2450"]
[PlyCount "103"]
[EventDate "1981.05.16"]
[EventType "tourn"]
[EventRounds "15"]
[EventCountry "CAN"]

1. c4 Nf6 2. Nc3 c5 3. g3 e6 4. Nf3 b6 5. Bg2 Bb7 6. O-O Be7 7. b3 O-O 8. Bb2
d6 9. d4 cxd4 10. Nxd4 Bxg2 11. Kxg2 a6 12. e4 Qc7 13. Rc1 Qb7 14. f3 Rc8 15.
Qe2 Nbd7 16. Rfd1 Rc7 17. Nc2 Ne5 18. Nd4 Rac8 19. h3 Bf8 20. Kh2 Nfd7 21. f4
Nc6 22. Nf3 Re8 23. Rd2 Na7 24. e5 dxe5 25. fxe5 Bb4 26. Rd4 Nc6 27. Rg4 Nc5
28. Nd5 exd5 29. cxd5 Nxe5 30. Nxe5 f6 31. Rxb4 Qxd5 32. Rxb6 fxe5 33. Rd1 Qe4
34. Re1 Qf5 35. Rc1 Rf7 36. Rc2 Ref8 37. Ba3 Ne6 38. Rxe6 Qxe6 39. Bxf8 Rxf8
40. Qe4 Qd6 41. Re2 Re8 42. h4 h6 43. Kg2 Kh8 44. Kh2 Qf6 45. Kg2 Qb6 46. Kh2
Qb5 47. Kg2 Qd7 48. Kh2 Qd1 49. Kg2 Qa1 50. Rf2 Qc3 51. Rc2 Qa5 52. Re2 1/2-1/2

[Event "CAN-ch"]
[Site "Montreal CAN"]
[Date "1981.??.??"]
[Round "?"]
[White "Nurmi, Peter"]
[Black "Spraggett, Kevin"]
[Result "1/2-1/2"]
[WhiteElo "2320"]
[BlackElo "2450"]
[PlyCount "114"]
[EventDate "1981.05.16"]
[EventType "tourn"]
[EventRounds "15"]
[EventCountry "CAN"]

1. Nf3 Nf6 2. b3 g6 3. Bb2 Bg7 4. d4 O-O 5. e3 d6 6. Be2 Nc6 7. d5 Nb4 8. c4 c6
9. dxc6 bxc6 10. O-O c5 11. Nc3 Rb8 12. Qd2 Bb7 13. Rfd1 Ba8 14. Ne1 Qb6 15.
Bf3 Bxf3 16. Nxf3 Qb7 17. Qe2 Ne4 18. Na4 Bh6 19. Ne1 f5 20. Nd3 a5 21. Nf4
Rbe8 22. f3 Nf6 23. Nc3 Qd7 24. Rd2 Rb8 25. Rad1 Bg7 26. Kh1 Rf7 27. Kg1 Nc6
28. Rd3 g5 29. Nfd5 Ne8 30. Nb5 f4 31. exf4 gxf4 32. Bxg7 Nxg7 33. Qd2 Ne5 34.
Nxf4 Qf5 35. Nd5 Nxd3 36. Qxd3 Qd7 37. Qd2 Qd8 38. Ndc7 Nf5 39. Ne6 Qc8 40. Ng5
Rf6 41. Qxa5 Ne3 42. Re1 Nxg2 43. Kxg2 Rg6 44. h4 Qf5 45. Qd2 h6 46. Rxe7 hxg5
47. h5 Rf6 48. Qe2 Rbf8 49. Re8 d5 50. Re5 Qf4 51. cxd5 Qh4 52. Qe3 Kh8 53. Re8
Qxh5 54. Rxf8+ Rxf8 55. Qe5+ Kg8 56. Qe6+ Rf7 57. Nd6 Qxf3+ 1/2-1/2

[Event "CAN-ch"]
[Site "Montreal CAN"]
[Date "1981.??.??"]
[Round "?"]
[White "Spraggett, Kevin"]
[Black "Baragar, Fletcher"]
[Result "1-0"]
[WhiteElo "2450"]
[BlackElo "2270"]
[PlyCount "107"]
[EventDate "1981.05.16"]
[EventType "tourn"]
[EventRounds "15"]
[EventCountry "CAN"]

1. d4 Nf6 2. c4 e6 3. Nc3 Bb4 4. e3 O-O 5. Bd3 d5 6. Nf3 c5 7. O-O dxc4 8. Bxc4
cxd4 9. exd4 b6 10. Re1 Bb7 11. Bd3 Nbd7 12. Bg5 Bxc3 13. bxc3 Qc7 14. Rc1 Rac8
15. Bh4 a6 16. Bg3 Qc6 17. c4 Rfd8 18. a4 Nf8 19. Bf1 Ng6 20. Qb3 Ne4 21. Rb1
Nxg3 22. hxg3 Ba8 23. Qxb6 Qxa4 24. Ra1 Qd7 25. Red1 Bxf3 26. gxf3 Rc6 27. Qb2
Ne7 28. c5 Qa7 29. f4 g6 30. Bg2 Nd5 31. Rd3 Rcc8 32. Qd2 Rb8 33. Ra4 Qe7 34.
Bf3 Nc7 35. Kg2 Rb1 36. Rb4 Rb8 37. Rxb1 Rxb1 38. Qe3 Qd7 39. Kh2 Rb4 40. Qe5
Rb5 41. Qd6 Qc8 42. f5 exf5 43. c6 Ne8 44. Qe7 f4 45. d5 fxg3+ 46. fxg3 Rb2+
47. Bg2 Ng7 48. c7 Ne8 49. d6 Qa8 50. Rf3 Qxf3 51. Qxe8+ Kg7 52. Qe5+ f6 53.
Qxb2 Qh5+ 54. Bh3 1-0

[Event "CAN-ch"]
[Site "Montreal CAN"]
[Date "1981.??.??"]
[Round "?"]
[White "Spraggett, Kevin"]
[Black "Day, Lawrence"]
[Result "1-0"]
[WhiteElo "2450"]
[BlackElo "2430"]
[PlyCount "81"]
[EventDate "1981.05.16"]
[EventType "tourn"]
[EventRounds "15"]
[EventCountry "CAN"]

1. d4 Nf6 2. c4 e6 3. Nc3 Bb4 4. e3 O-O 5. Bd3 c5 6. Nf3 d5 7. O-O dxc4 8. Bxc4
cxd4 9. exd4 Nc6 10. a3 Be7 11. Bd3 b6 12. Re1 Bb7 13. Bc2 Rc8 14. Qd3 Re8 15.
d5 exd5 16. Bg5 Ne4 17. Nxe4 dxe4 18. Qxe4 g6 19. Rad1 Qc7 20. Qh4 Bf8 21. Bf4
Rxe1+ 22. Rxe1 Qd8 23. Bg5 Qc7 24. Bb3 Nd8 25. Ne5 Qd6 26. Ng4 h5 27. Nf6+ Kh8
28. Nxh5 gxh5 29. Qxh5+ Kg7 30. Bxd8 Qg6 31. Qxg6+ Kxg6 32. Bh4 Bg7 33. h3 Bxb2
34. Re7 Rc1+ 35. Kh2 Bc6 36. Bxf7+ Kf5 37. Be6+ Kg6 38. Rxa7 Rc3 39. g4 Be4 40.
Bf7+ Kh6 41. g5+ 1-0

[Event "CAN-ch"]
[Site "Montreal CAN"]
[Date "1981.??.??"]
[Round "?"]
[White "Spraggett, Kevin"]
[Black "Taylor, Gordon"]
[Result "1-0"]
[WhiteElo "2450"]
[BlackElo "2250"]
[PlyCount "33"]
[EventDate "1981.05.16"]
[EventType "tourn"]
[EventRounds "15"]
[EventCountry "CAN"]

1. d4 Nf6 2. c4 e6 3. Nc3 Bb4 4. e3 O-O 5. Bd3 c5 6. Nge2 cxd4 7. exd4 d5 8.
O-O b6 9. Bg5 Be7 10. Qc2 Nbd7 11. cxd5 exd5 12. Ng3 h6 13. Bf4 Nb8 14. Rad1
Ba6 15. Nb5 Qd7 16. Nc7 Rc8 17. Bf5 1-0

[Event "CAN-ch"]
[Site "Montreal CAN"]
[Date "1981.??.??"]
[Round "1"]
[White "Ivanov, Igor V"]
[Black "Spraggett, Kevin"]
[Result "1-0"]
[WhiteElo "2430"]
[BlackElo "2450"]
[PlyCount "81"]
[EventDate "1981.05.16"]
[EventType "tourn"]
[EventRounds "15"]
[EventCountry "CAN"]

1. Nf3 Nf6 2. c4 g6 3. Nc3 Bg7 4. e4 d6 5. d4 O-O 6. Be3 Nbd7 7. Nd2 e5 8. d5
Ne8 9. g4 f5 10. gxf5 gxf5 11. exf5 Nc5 12. Nde4 Nxe4 13. Nxe4 Bxf5 14. Ng3 Qh4
15. Qd2 Bg6 16. O-O-O Rf4 17. b3 Rd4 18. Bxd4 exd4 19. f4 Bh6 20. Kb2 Bxf4 21.
Qg2 d3 22. Bxd3 Be5+ 23. Ka3 Qd4 24. Rhe1 Qc5+ 25. b4 Qd4 26. Ne4 a5 27. b5 Bg7
28. Qf2 Qe5 29. Qd2 Qh5 30. Rg1 Qh4 31. Qf2 Qe7 32. Rde1 Be5 33. Ng3 Ng7 34.
Bxg6 hxg6 35. Rgf1 b6 36. Re4 Qd7 37. Qf3 Re8 38. Rg4 Kh7 39. Ne4 Nf5 40. Ng5+
Kg7 41. Ne6+ 1-0

[Event "Paques/Easter op"]
[Site "Montreal CAN"]
[Date "1981.04.18"]
[Round "4"]
[White "Morin, Louis"]
[Black "Spraggett, Kevin"]
[Result "0-1"]
[WhiteElo "1870"]
[BlackElo "2532"]
[PlyCount "43"]
[EventDate "1981.04.17"]
[EventType "swiss"]
[EventRounds "6"]
[EventCountry "CAN"]

1. e4 Nf6 2. e5 Nd5 3. d4 d6 4. c4 Nb6 5. f4 Bf5 6. Nf3 e6 7. Nc3 Be7 8. Be2
O-O 9. O-O dxe5 10. dxe5 Bc5+ 11. Kh1 Nc6 12. Qxd8 Rfxd8 13. Rd1 Rxd1+ 14. Nxd1
Rd8 15. b3 g5 16. Ne3 g4 17. Ne1 Bd4 18. Nxf5 Bxa1 19. Nh6+ Kg7 20. Nxg4 Nd4
21. Bd1 Bc3 22. Nf3 0-1

[Event "Pere Noel"]
[Site "Montreal CAN"]
[Date "1980.12.27"]
[Round "2"]
[White "Spraggett, Kevin"]
[Black "Zalys, Ignas"]
[Result "1-0"]
[WhiteElo "2531"]
[BlackElo "1937"]
[PlyCount "67"]
[EventDate "1980.12.26"]
[EventType "swiss"]
[EventRounds "5"]
[EventCountry "CAN"]

1. Nf3 Nf6 2. c4 e6 3. Nc3 d5 4. d4 Nbd7 5. Bg5 Be7 6. e3 c6 7. Rc1 O-O 8. Bd3
dxc4 9. Bxc4 Nd5 10. Bxe7 Qxe7 11. O-O Nxc3 12. Rxc3 e5 13. Qc2 exd4 14. exd4
Nb6 15. Bb3 Qf6 16. Rc5 h6 17. Qe4 Bd7 18. Re5 Nd5 19. Bxd5 cxd5 20. Qd3 Qb6
21. Qd2 Rac8 22. h3 Be6 23. Re3 Bf5 24. Rb3 Qa6 25. Ne5 f6 26. Nf3 Qxa2 27.
Rxb7 Rc2 28. Qf4 Bc8 29. Re7 Qxb2 30. Rfe1 Rc6 31. Rxa7 Kh7 32. Qg3 Rg8 33. Kh2
Qc2 34. Re8 1-0

[Event "Super tournoi"]
[Site "Montreal CAN"]
[Date "1980.10.??"]
[Round "1"]
[White "Poulin, Maurice"]
[Black "Spraggett, Kevin"]
[Result "0-1"]
[WhiteElo "2155"]
[BlackElo "2517"]
[PlyCount "88"]
[EventDate "1980.10.??"]
[EventType "tourn"]
[EventCountry "CAN"]

1. e4 Nf6 2. e5 Nd5 3. c4 Nb6 4. d4 d6 5. f4 Bf5 6. Nc3 e6 7. Be3 Be7 8. Nf3
O-O 9. Be2 dxe5 10. fxe5 Nc6 11. O-O f6 12. exf6 Bxf6 13. Rc1 Qe7 14. c5 Nd5
15. Nxd5 exd5 16. Rc3 a6 17. Qd2 Rae8 18. Bd1 h6 19. Ba4 Be4 20. Bxc6 bxc6 21.
Bf4 g5 22. Bg3 Bxf3 23. Rcxf3 Qg7 24. Bf2 Re4 25. Kh1 Bxd4 26. Rxf8+ Qxf8 27.
Kg1 Rf4 28. Qxd4 Rxd4 29. Bxd4 Qe8 30. h3 Qe4 31. Rd1 Qe2 32. Rf1 Qd2 33. Bc3
Qe3+ 34. Kh1 Qxc5 35. Rd1 Qc4 36. Rd4 Qxa2 37. Rb4 c5 38. Rb8+ Kf7 39. Be5 d4
40. Bxc7 Qb1+ 41. Kh2 d3 42. Ba5 Qc1 43. Rd8 Qxb2 44. Rxd3 Qe5+ 0-1

[Event "Super tournoi"]
[Site "Montreal CAN"]
[Date "1980.10.??"]
[Round "2"]
[White "Spraggett, Kevin"]
[Black "Lake, Perry"]
[Result "1-0"]
[WhiteElo "2517"]
[BlackElo "1931"]
[PlyCount "69"]
[EventDate "1980.10.??"]
[EventType "tourn"]
[EventCountry "CAN"]

1. e4 Nc6 2. Nf3 d6 3. d4 Nf6 4. Nc3 Bg4 5. Be3 e5 6. Bb5 exd4 7. Qxd4 Be7 8.
h3 Bd7 9. Bxc6 Bxc6 10. O-O-O O-O 11. Qc4 Nd7 12. Nd4 Ne5 13. Qe2 Bd7 14. g4
Re8 15. f3 Nc6 16. h4 Nxd4 17. Bxd4 c6 18. g5 b5 19. Qd2 Qa5 20. Kb1 Be6 21. b3
Rac8 22. f4 b4 23. f5 Bxf5 24. exf5 bxc3 25. Qd3 d5 26. Bxc3 Bb4 27. Bb2 Bc5
28. f6 Re3 29. Qf5 Rce8 30. fxg7 Re1 31. a4 Rxh1 32. Rxh1 Re1+ 33. Ka2 Re6 34.
g6 hxg6 35. Qf4 1-0

[Event "Super tournoi"]
[Site "Montreal CAN"]
[Date "1980.10.??"]
[Round "3"]
[White "Leveille, Francois"]
[Black "Spraggett, Kevin"]
[Result "0-1"]
[WhiteElo "2061"]
[BlackElo "2517"]
[PlyCount "62"]
[EventDate "1980.10.??"]
[EventType "tourn"]
[EventCountry "CAN"]

1. e4 c5 2. Nf3 e6 3. Nc3 a6 4. Be2 b5 5. O-O Bb7 6. d3 Nc6 7. Re1 d6 8. d4
cxd4 9. Nxd4 Nf6 10. a4 b4 11. Nxc6 Bxc6 12. Nd5 exd5 13. exd5 Bd7 14. Bc4+ Be7
15. Qe2 a5 16. c3 Rc8 17. cxb4 O-O 18. b3 Re8 19. b5 Bf8 20. Qd1 Ne4 21. f3
Qb6+ 22. Be3 Nc5 23. Bd4 Red8 24. Qd2 Ra8 25. Ra2 Rdc8 26. Rea1 Qd8 27. Bc3 Be7
28. b4 axb4 29. Bxb4 Rxa4 30. Rxa4 Nxa4 31. Bd3 Nc5 0-1

[Event "Super tournoi"]
[Site "Montreal CAN"]
[Date "1980.10.27"]
[Round "4"]
[White "Spraggett, Kevin"]
[Black "Coudari, Camille"]
[Result "1-0"]
[WhiteElo "2517"]
[BlackElo "2338"]
[PlyCount "95"]
[EventDate "1980.10.??"]
[EventType "tourn"]
[EventCountry "CAN"]

1. e4 c5 2. Nf3 e6 3. d4 cxd4 4. Nxd4 Nf6 5. Nc3 d6 6. f4 Nc6 7. Be3 Be7 8. Qf3
Qc7 9. O-O-O Nxd4 10. Rxd4 O-O 11. Rg1 d5 12. e5 Nd7 13. Qh3 Nc5 14. Bd3 Nxd3+
15. Rxd3 b5 16. Bd4 Bd7 17. Kb1 Rfc8 18. Rd2 a5 19. Qe3 b4 20. Ne2 a4 21. Rc1
Ra6 22. c3 Rc6 23. Rdd1 b3 24. a3 Qb7 25. Rd2 Ra6 26. g4 Bb5 27. Rg1 Bxe2 28.
Qxe2 Rac6 29. Qe3 Qd7 30. h4 Bc5 31. h5 Bxd4 32. Rxd4 Rc4 33. Rgd1 Qe7 34. g5
g6 35. Qh3 R8c6 36. R1d3 Kf8 37. Kc1 Ke8 38. Kd2 Kd8 39. hxg6 hxg6 40. Qh8+ Kc7
41. Qa8 Kb6 42. Qb8+ Ka6 43. Rxc4 Rxc4 44. Rd4 Rxd4+ 45. cxd4 Ka5 46. Kc3 Qd7
47. Qb4+ Ka6 48. Qd6+ 1-0

[Event "Quebec op"]
[Site "Montreal CAN"]
[Date "1980.08.06"]
[Round "4"]
[White "Spraggett, Kevin"]
[Black "Reshevsky, Samuel"]
[Result "1-0"]
[WhiteElo "2503"]
[BlackElo "2503"]
[PlyCount "75"]
[EventDate "1980.08.03"]
[EventType "swiss"]
[EventRounds "8"]
[EventCountry "CAN"]

1. d4 Nf6 2. c4 e6 3. Nc3 Bb4 4. e3 O-O 5. Bd3 d5 6. Nf3 b6 7. O-O Bb7 8. a3
Bd6 9. cxd5 exd5 10. b4 Re8 11. Qb3 a6 12. a4 Nbd7 13. Ba3 c6 14. b5 Qe7 15.
Bxd6 Qxd6 16. bxc6 Bxc6 17. Rfc1 Bb7 18. Bf5 g6 19. Bh3 h5 20. g3 Ng4 21. Bg2
Rac8 22. Ne2 Ndf6 23. Ng5 Qe7 24. Nf4 Ba8 25. h4 Kg7 26. Nxd5 Nxd5 27. Bxd5
Bxd5 28. Qxd5 Nf6 29. Qb3 Qb7 30. Rab1 Ng4 31. e4 Nf6 32. Rxc8 Rxc8 33. d5 Ng4
34. Kg2 Qe7 35. Qxb6 Rc2 36. Qd4+ Qf6 37. Qxf6+ Kxf6 38. Nh3 1-0

[Event "Quebec op"]
[Site "Montreal CAN"]
[Date "1980.08.07"]
[Round "5"]
[White "Day, Lawrence"]
[Black "Spraggett, Kevin"]
[Result "1-0"]
[WhiteElo "2514"]
[BlackElo "2503"]
[PlyCount "106"]
[EventDate "1980.08.03"]
[EventType "swiss"]
[EventRounds "8"]
[EventCountry "CAN"]

1. e4 c5 2. f4 e6 3. Nf3 d5 4. Bb5+ Bd7 5. Bxd7+ Qxd7 6. Ne5 Qc7 7. exd5 exd5
8. Nc3 Nf6 9. Qf3 Nc6 10. Nxd5 Nxd5 11. Qxd5 Rd8 12. Qe4 Qe7 13. Qe3 Nxe5 14.
fxe5 Qh4+ 15. g3 Qc4 16. Kd1 Be7 17. b3 Qg4+ 18. Qe2 Qd4 19. Rb1 O-O 20. Bb2
Qd5 21. Re1 Bg5 22. Bc3 b5 23. a3 Rfe8 24. Kc1 Qb7 25. b4 cxb4 26. Rxb4 Rd5 27.
Kb2 Qd7 28. d3 Re6 29. Qe4 Rc5 30. Bd4 Rc8 31. c3 a5 32. Rb3 a4 33. Rb4 Be7 34.
Qg4 Bxb4 35. axb4 Qd5 36. Kc2 Qa2+ 37. Kd1 a3 38. Rf1 Qb1+ 39. Ke2 Qc2+ 40. Ke3
a2 41. Qf3 Rf8 42. Qh1 Qb3 43. Qb7 Qa3 44. Qh1 Rfe8 45. Kf4 Qb2 46. Qg1 Qd2+
47. Qe3 Rf6+ 48. exf6 Rxe3 49. Bxe3 Qxd3 50. Re1 Qxc3 51. Rd1 Qxf6+ 52. Kg4 h5+
53. Kh3 Qe6+ 1-0

[Event "Toronto op"]
[Site "Toronto CAN"]
[Date "1980.04.06"]
[Round "5"]
[White "Spraggett, Kevin"]
[Black "Day, Lawrence"]
[Result "0-1"]
[WhiteElo "2386"]
[BlackElo "2380"]
[PlyCount "154"]
[EventDate "1980.04.04"]
[EventType "swiss"]
[EventRounds "6"]
[EventCountry "CAN"]

1. e4 e5 2. Nf3 Nc6 3. Bb5 a6 4. Ba4 Nf6 5. O-O Be7 6. Re1 b5 7. Bb3 d6 8. c3
O-O 9. d4 Bg4 10. Be3 exd4 11. cxd4 Na5 12. Bc2 c5 13. dxc5 dxc5 14. Nbd2 Nc6
15. Rc1 Nd7 16. Bb1 Qc7 17. h3 Bh5 18. Qe2 Rfe8 19. Qf1 c4 20. Nh2 Rac8 21. f4
f6 22. Qf2 Bg6 23. Nhf3 Bd6 24. Nh4 Bf7 25. Nf5 Bf8 26. Kh1 Qb7 27. Qh4 Nb4 28.
Rcd1 Nd3 29. Bxd3 cxd3 30. Bd4 Bxa2 31. Re3 Bf7 32. Rxd3 Nc5 33. Nh6+ Kh8 34.
Nxf7+ Qxf7 35. Re3 Ne6 36. Nf3 Nxd4 37. Nxd4 Bc5 38. e5 Rcd8 39. Red3 Bxd4 40.
Rxd4 Rxd4 41. Rxd4 fxe5 42. fxe5 Rxe5 43. Rd6 a5 44. Ra6 a4 45. Ra8+ Re8 46.
Qf4 Qg8 47. Ra7 h6 48. Qc7 Qf8 49. Rb7 Qf6 50. Rb8 Rf8 51. Kh2 Qf5 52. Rb7 Qg5
53. Qc3 Re8 54. Kh1 Qe5 55. Qc2 Qd5 56. Qc7 Re1+ 57. Kh2 Qe5+ 58. Qxe5 Rxe5 59.
Kg1 Rc5 60. Kh2 Kh7 61. Rb6 h5 62. Kg3 g5 63. Kf3 Re5 64. g3 Kg7 65. h4 Kf7 66.
hxg5 Rxg5 67. Kf2 Ke7 68. Ke1 Rd5 69. Ke2 Kd7 70. Ke3 Kc7 71. Rg6 Kb7 72. g4
hxg4 73. Rxg4 Kb6 74. Rh4 Rd1 75. Rg4 Kc5 76. Rh4 Rb1 77. Rh2 Kc4 0-1

[Event "Winter/Hiver op"]
[Site "Montreal CAN"]
[Date "1980.01.27"]
[Round "4"]
[White "Spraggett, Kevin"]
[Black "Melkonian, Sam"]
[Result "1-0"]
[WhiteElo "2389"]
[BlackElo "1733"]
[PlyCount "51"]
[EventDate "1980.01.25"]
[EventType "swiss"]
[EventRounds "5"]
[EventCountry "CAN"]

1. e4 c5 2. Nf3 Nc6 3. Bb5 Qc7 4. O-O d6 5. Re1 Bg4 6. c3 a6 7. Be2 Bxf3 8.
Bxf3 e5 9. a4 g6 10. Na3 Bg7 11. Nc4 b6 12. d3 Nge7 13. h4 h5 14. g3 O-O 15.
Bg2 b5 16. Nd2 Kh7 17. axb5 axb5 18. Rxa8 Rxa8 19. Qb3 Qb6 20. Qxf7 Rf8 21. Qe6
Rf6 22. Qd7 c4 23. Nf3 cxd3 24. Bg5 Rf7 25. Qxd6 b4 26. Be3 1-0